STN EN 60745-2-22/A11: 2013 (36 1550), Elektrické ručné náradie. Bezpečnosť. Časť 2-22 Osobitné požiadavky na rozbrusovačky. Zmena A11

Táto zmena A11 STN EN 60745-2-22: 2012 je slovenskou verziou európskej normy EN 60745-2-22: 2011/A11: 2013. Preklad zabezpečil Slovenský ústav technickej normalizácie. Má rovnaké postavenie ako majú oficiálne verzie

Bibliographic Details
Corporate Author: MIND (Piešťany, Slovensko) (Translator)
Other Authors: Pobjecký, Ivan (Translator)
Format: Book
Language:Slovak
English
PhysicalDescription:12 s. obr., tab. 30 cm
Published: Bratislava Slovenský ústav technickej normalizácie 2013
Subjects:

MARC

LEADER 00000cam a2200000 a 4500
001 vtls010550911
003 SK-MaSNL
005 20260301034259.0
008 131015s2013 xo a f u 000 0 slo
015 |a SNBN2013 
020 |c (cen. skup. 3) 
040 |a SNK  |b slo  |c SNK  |e AACR2 
041 1 |a slo  |h eng 
044 |a xo  |c SK 
046 |a s  |m 201310 (účin.) 
072 7 |a 621.3  |x Elektrotechnika  |2 konspekt 
080 |a 621.313  |2 2001 
080 |a 006.7/.8  |2 2001 
080 |a (437.6)  |2 2001 
080 |a (4)  |2 2001 
084 |a 25.140.20  |2 ICS 
130 0 |a STN 36 1550 (STN EN 60745-2-22/A11)  |9 334875 
245 1 0 |a STN EN 60745-2-22/A11: 2013 (36 1550), Elektrické ručné náradie. Bezpečnosť. Časť 2-22  |p Osobitné požiadavky na rozbrusovačky. Zmena A11 
246 1 0 |a Elektrické ručné náradie 
246 1 0 |a Bezpečnosť 
246 1 0 |a Osobitné požiadavky na rozbrusovačky 
246 3 0 |a EN 60745-2-22: 2011/A11: 2013 SK 
260 |a Bratislava  |b Slovenský ústav technickej normalizácie  |c 2013 
300 |a 12 s.  |b obr., tab.  |c 30 cm 
500 |a Súbežný názov v angličtine, francúzštine, nemčine 
500 |a Spracovateľ: MIND Piešťany, Ivan Pobjecký 
504 |a Citované normy, súvisiace právne predpisy s. 2 
520 8 |a Táto zmena A11 STN EN 60745-2-22: 2012 je slovenskou verziou európskej normy EN 60745-2-22: 2011/A11: 2013. Preklad zabezpečil Slovenský ústav technickej normalizácie. Má rovnaké postavenie ako majú oficiálne verzie 
540 |a STN vydané na akomkoľvek nosiči sa môžu rozmnožovať a rozširovať iba so súhlasom určenej právnickej osoby  |b SÚTN Bratislava  |c zákon 264/1999 Z. z. 
650 0 7 |a elektrické spotrebiče  |2 SNKPH  |9 58058 
650 0 7 |a technické normy a štandardy  |z Slovensko  |2 SNKPH  |9 79594 
650 0 7 |a technické normy a štandardy  |z krajiny Európskej únie  |2 SNKPH  |9 289341 
650 0 7 |a domáce spotrebiče  |2 SNKPH  |9 209372 
650 0 7 |a Electric apparatus and appliances  |2 SNKPHeng  |9 287152 
655 7 |a normy  |2 SNKPH  |9 70643 
700 1 |a Pobjecký, Ivan  |4 trl  |9 312134 
710 2 |a MIND (Piešťany, Slovensko)  |4 trl  |9 312136 
710 2 |a Slovenský ústav technickej normalizácie (Bratislava, Slovensko).  |b Technická komisia č. 10 Elektrické spotrebiče pre domácnosť a elektrické ručné náradie  |4 stn  |9 312135 
774 1 8 |t STN EN 60745-2-22: 2012  |d Bratislava : Slovenský ústav technickej normalizácie, 2012  |w vtls010356744 
852 |a Štátna vedecká knižnica v Banskej Bystrici 
958 |a OP 
958 |a NB 
999 |c 581593  |d 583523 
952 |a SNK  |b SNK  |y PREZ  |7 0  |p 17A1084598  |o snkSTN EN 60745-2-22/A11  |i snk2013/25901  |8 0  |0 0  |1 0  |4 0  |d 2013-10-24  |l 0  |r 2026-02-23 14:54:34  |w 2026-02-23 
952 |a SNK  |b SNK  |y PREZ  |7 0  |p 17A1084597  |o snkSTN EN 60745-2-22/A11 D1  |i snk2013/25903  |8 0  |0 0  |1 0  |4 0  |d 2013-10-24  |l 0  |r 2026-02-23 14:54:34  |w 2026-02-23